[Event "3rd Savaria Summer Open"]
[Site "Szombathely HUN"]
[Date "2003.07.26"]
[Round "8"]
[White "Joo,G"]
[Black "Molnar,Be"]
[Result "1/2-1/2"]
[WhiteElo "2197"]
[BlackElo "2394"]

1.e4 c5 2.Nf3 e6 3.d4 cxd4 4.Nxd4 a6 5.Bd3 Qb6 6.Nb3 Qc7 7.O-O Nf6 8.Qe2 Be7
9.c4 d6 10.Nc3 Nc6 11.f4 Nd7 12.Be3 b6 13.Rad1 Bf6 14.Qd2 O-O 15.Bb1 Be7
16.Nd4 Nxd4 17.Qxd4 Rd8 18.b3 Bb7 19.f5 Rac8 20.Qd2 Bf6 21.Bg5 Be5 22.Bxd8 Qxd8
23.Ne2 Nf6 24.Nf4 Qe7 25.Qe3 Rc5 26.fxe6 fxe6 27.Qh3 Bc8 28.Qh4 Qe8 29.Kh1 Rc7
30.Nd3 Bc3 31.Rf3 Bb7 32.Nf2 Be5 33.Ng4 Nxg4 34.Qxg4 Qe7 35.Rdf1 Rc8 36.Qh5 g6
37.Qh6 Bc6 38.Rf7 Qxf7 39.Rxf7 Kxf7 40.Qxh7+ Kf6 41.Qh4+ Kf7 42.Qh7+ Kf6
43.Qh4+ Kf7 44.Qh7+  1/2-1/2

[Event "3rd Savaria Summer Open"]
[Site "Szombathely HUN"]
[Date "2003.07.27"]
[Round "9"]
[White "Papp,Ju"]
[Black "Szilagyi,Z"]
[Result "1/2-1/2"]
[WhiteElo "2111"]
[BlackElo "2275"]

1.e4 c5 2.Nf3 e6 3.d4 cxd4 4.Nxd4 a6 5.Bd3 Bc5 6.Nb3 Be7 7.O-O d6 8.f4 Qc7
9.c4 Nf6 10.Nc3 O-O 11.Qe2 Nbd7 12.Bd2 Rd8 13.Rac1 Ne8 14.Kh1 b6 15.Nd4 Bf6
16.Nf3 g6 17.f5 Ne5 18.Nxe5 dxe5  1/2-1/2

[Event "MTO"]
[Site "Biel SUI"]
[Date "2003.07.29"]
[Round "8"]
[White "Kurmann,O"]
[Black "Illijin,N"]
[Result "1-0"]
[WhiteElo "2239"]
[BlackElo "2293"]

1.e4 c5 2.Nf3 e6 3.d4 cxd4 4.Nxd4 a6 5.Bd3 Qb6 6.c3 Bc5 7.Nd2 Bxd4 8.cxd4 Qxd4
9.Nc4 Nc6 10.Be3 Qf6 11.O-O d5 12.Nb6 Rb8 13.exd5 exd5 14.Nxd5 Qd8 15.Be4 Be6
16.Bb6 Qh4 17.Nc7+ Kf8 18.Nxe6+ fxe6 19.Bxc6 Nf6 20.Bf3 Kf7 21.Qb3 Rhe8 22.Rfe1 Rbc8
23.h3 Re7 24.Rad1 Qg5 25.Bd8  1-0

[Event "8th Open"]
[Site "Creon FRA"]
[Date "2003.07.30"]
[Round "5"]
[White "Aout,S"]
[Black "Tjiam,D"]
[Result "1-0"]
[WhiteElo "2193"]
[BlackElo "2326"]

1.e4 c5 2.Nf3 e6 3.d4 cxd4 4.Nxd4 a6 5.Bd3 g6 6.c4 Bg7 7.Ne2 Nf6 8.Nbc3 d6
9.O-O Nbd7 10.Rb1 b6 11.Bf4 Qc7 12.Rc1 O-O 13.Qd2 Bb7 14.Rfd1 Rad8 15.b3 Rfe8
16.Bb1 Ne5 17.h3 Qb8 18.Bg5 Rd7 19.Qe3 Ba8 20.Ng3 Kh8 21.Bh6 b5 22.cxb5 axb5
23.Bxg7+ Kxg7 24.Rd2 h6 25.Rcd1 Nc6 26.f4 Red8 27.Qf2 b4 28.Na4 Rb7 29.Rf1 Qa7
30.Qxa7 Nxa7 31.e5 Nd5 32.exd6 Rxd6 33.f5 gxf5 34.Bxf5 Rc7 35.Be4 Nb5 36.Nh5+ Kf8
37.Rdf2 Bb7 38.Bg6 Rdd7 39.Nc5 Re7 40.Bxf7 Rxc5 41.Bg6+  1-0

[Event "8th Open"]
[Site "Creon FRA"]
[Date "2003.07.30"]
[Round "5"]
[White "Klip,H"]
[Black "Beuselinck,S"]
[Result "1-0"]
[WhiteElo "2372"]
[BlackElo "2111"]

1.e4 c5 2.Nf3 e6 3.d4 cxd4 4.Nxd4 a6 5.Bd3 d6 6.O-O Nd7 7.c4 b6 8.Nc3 Bb7
9.b3 Ngf6 10.Qe2 Qc7 11.Bb2 g5 12.Rad1 Rg8 13.Bb1 h5 14.Ba3 Ng4 15.Ndb5 axb5
16.Nxb5 Qb8 17.Bxd6 Bxd6 18.Nxd6+ Ke7 19.h3 Nge5 20.f4 gxf4 21.Rxf4 Rg5 22.Qd2 Bc6
23.Nxf7 Nxf7 24.Rxf7+ Kxf7 25.Qxg5 Qh8 26.Qf4+ Ke8 27.Qd6 Rc8 28.Qxe6+ Kd8
29.b4 Rc7 30.b5 Bb7 31.c5  1-0

[Event "IV CMA Futurity"]
[Site "Toronto CAN"]
[Date "2003.07.30"]
[Round "8"]
[White "Wang,H"]
[Black "Cramling,P"]
[Result "0-1"]
[WhiteElo "2226"]
[BlackElo "2488"]

1.e4 c5 2.Nf3 e6 3.d4 cxd4 4.Nxd4 a6 5.Bd3 g6 6.O-O Bg7 7.Be3 Nc6 8.Nxc6 bxc6
9.c3 Ne7 10.Nd2 Rb8 11.Rb1 O-O 12.Bc5 d6 13.Ba3 c5 14.f4 Qc7 15.Qe2 a5 16.Nc4 d5
17.exd5 exd5 18.Ne5 c4 19.Bc2 Be6 20.Qf2 Rfc8 21.Rbe1 Nc6 22.Nxc6 Qxc6 23.f5 gxf5
24.Qf4 Qb6+ 25.Kh1 d4 26.Rf3 Re8 27.Rg3 Bd7 28.Rf1 Qf6 29.cxd4 Kh8 30.d5 Qe5
31.Qg5 h6 32.Qc1 Qxd5 33.Rgf3 Re2 34.Rd1 Qb7 35.Re1 Rxe1+ 36.Qxe1 Bc6 37.Rf2 Re8
38.Qf1 Bd4 39.Re2 Rxe2 40.Qxe2 Be4 41.Qd2 Bg7 42.Bd1 Kh7 43.h3 Qb8 44.Qf2 Qe5
45.Be2 c3 46.bxc3 Qxc3 47.Bc5 Qxh3+ 48.Kg1 Qc3 49.a3 Qc1+ 50.Bf1 Bd3 51.Bb6 Qb1
52.Bc5 Be5  0-1

[Event "IV CMA Futurity"]
[Site "Toronto CAN"]
[Date "2003.08.01"]
[Round "10"]
[White "Peredun,A"]
[Black "Bellon Lopez,JuM"]
[Result "0-1"]
[WhiteElo "2306"]
[BlackElo "2423"]

1.e4 c5 2.Nf3 e6 3.d4 cxd4 4.Nxd4 a6 5.Bd3 Nc6 6.Nxc6 dxc6 7.O-O e5 8.Nd2 Qc7
9.a4 Nf6 10.Nc4 Be6 11.Qe2 Bc5 12.c3 O-O 13.b4 Ba7 14.Be3 Bxe3 15.Qxe3 Rad8
16.a5 c5 17.Rfc1 cxb4 18.cxb4 Rd4 19.Nb2 Qd6 20.b5 axb5 21.f3 Rb4 22.Nd1 Bc4
23.Bf1 Rd8 24.Nf2 Bxf1 25.Rxf1 Rd4 26.Rfd1 h6 27.Rab1 b4 28.Rxd4 Qxd4 29.Qb3 Qc5
30.Qb2 Rd4 31.g3 Qxa5 32.Kg2 Qd8 33.Rc1 Qd6 34.Rb1 Nd7 35.Qe2 Nc5 36.h4 Rd2
37.Qe3 Nd3  0-1

[Event "8th Open"]
[Site "Creon FRA"]
[Date "2003.08.02"]
[Round "8"]
[White "Cioara,A"]
[Black "Aout,S"]
[Result "1/2-1/2"]
[WhiteElo "2394"]
[BlackElo "2193"]

1.e4 c5 2.Nf3 e6 3.d4 cxd4 4.Nxd4 a6 5.Bd3 Qc7 6.O-O Nc6 7.Nb3 Nf6 8.f4 h5
9.Nc3 b5 10.Qe2 b4 11.Nd1 Bb7 12.Nf2 Be7 13.Be3 a5 14.Nd2 d5 15.e5 d4 16.exf6 gxf6
17.f5 dxe3 18.Qxe3 Ne5 19.Nfe4 Ng4 20.Qf4 Qxf4 21.Rxf4 Rg8 22.Re1 Rd8 23.h3 Ne5
24.Bf1 Nd7 25.fxe6 fxe6 26.Nc4 Bxe4 27.Rfxe4 Nc5 28.Rh4 Rg5 29.Be2 Rdd5 30.Bf3 Rdf5
31.Be4 Nxe4 32.Rhxe4 Bc5+ 33.Kh1 e5 34.R4e2 a4 35.Nd2 Rg7 36.Nf3 Rf4 37.Re4 Rxe4
38.Rxe4 Rd7 39.Rc4 Be7 40.Kh2 Kf7 41.g4 hxg4 42.hxg4 Ke6 43.Nh4 Rd2+ 44.Kg3 b3  1/2-1/2

[Event "Sunstar Park Open"]
[Site "Davos SUI"]
[Date "2003.08.02"]
[Round "1"]
[White "Vogt,L"]
[Black "Haering,T"]
[Result "1-0"]
[WhiteElo "2452"]
[BlackElo "1999"]

1.e4 c5 2.Nf3 e6 3.d4 cxd4 4.Nxd4 a6 5.Bd3 Qc7 6.O-O Nf6 7.Qe2 d6 8.c4 Be7
9.b3 O-O 10.Bb2 b6 11.Nc3 Bb7 12.f4 Nbd7 13.Rae1 e5 14.Nf5 Rfe8 15.Nd5 Bxd5
16.cxd5 b5 17.Rc1 Qa7+ 18.Kh1 g6 19.Nxe7+ Rxe7 20.fxe5 dxe5 21.Qf3 Nc5 22.Rxc5 Qxc5
23.Qxf6 Rae8 24.Bc1  1-0

[Event "Ceska Pojistovna Cup"]
[Site "Olomouc CZE"]
[Date "2003.08.05"]
[Round "7"]
[White "Groetz,H"]
[Black "Van Dijk,Ti"]
[Result "1-0"]
[WhiteElo "2336"]
[BlackElo "2224"]

1.e4 c5 2.Nf3 e6 3.d4 cxd4 4.Nxd4 a6 5.Bd3 Qc7 6.O-O Nf6 7.Qe2 d6 8.c4 g6
9.Nc3 Bg7 10.Rd1 O-O 11.Nf3 Nc6 12.h3 Nd7 13.Be3 Nce5 14.Rac1 b6 15.b3 Bb7
16.Nh2 f5 17.f3 Kh8 18.Bb1 Rad8 19.Qd2 Nf7 20.Nf1 Qb8 21.exf5 gxf5 22.Ng3 Rg8
23.Qf2 Bf6 24.Nh5 Ng5 25.Kf1 Be7 26.Bd4+ e5 27.Bxf5 Rdf8 28.Bxd7 Nxf3 29.gxf3 Bxf3
30.Nd5 Bxh5 31.Bf5 Bh4 32.Qxh4 Rxf5+ 33.Bf2 Bxd1 34.Rxd1 Rgf8 35.Rd2 b5 36.Ke1 bxc4
37.Qxc4 Qb7 38.Qc7 Qb5 39.Qxd6 Rg8 40.Ne3 Rfg5 41.Qf6+ R5g7 42.Nf5 Qa5 43.Nxg7 Rxg7
44.Qd8+  1-0

[Event "ch-AUT"]
[Site "Hartberg AUT"]
[Date "2003.08.06"]
[Round "11"]
[White "Wittmann,W"]
[Black "Sommerbauer,N"]
[Result "1/2-1/2"]
[WhiteElo "2359"]
[BlackElo "2413"]

1.e4 c5 2.Nf3 e6 3.d4 cxd4 4.Nxd4 a6 5.Bd3 g6 6.O-O Bg7 7.Nf3 Ne7 8.Nbd2 O-O
9.Re1 Nbc6 10.c3 Qc7  1/2-1/2

[Event "Ron Banwell Masters"]
[Site "Blackpool ENG"]
[Date "2003.08.09"]
[Round "9"]
[White "Mannion,S"]
[Black "Kenworthy,G"]
[Result "0-1"]
[WhiteElo "2339"]
[BlackElo "2269"]

1.e4 c5 2.Nf3 e6 3.d4 cxd4 4.Nxd4 a6 5.Bd3 Nc6 6.Nxc6 bxc6 7.O-O Qc7 8.Qe2 Bb7
9.c4 Ne7 10.Nc3 c5 11.f4 Nc6 12.Be3 d6 13.Rad1 Be7 14.Qg4 Bf6 15.e5 dxe5
16.f5 Nd4 17.fxe6 fxe6 18.Ne4 Qe7 19.Qh5+ Kd7 20.b4 cxb4 21.Bxd4 exd4 22.Qa5 Rhc8
23.Bc2 Rxc4 24.Ba4+ Kc8 25.Rc1 Rc3 26.Nxc3 dxc3 27.Rfd1 Bd5 28.Bb3 Bc6 29.Qb6 Qb7
30.Bxe6+ Kb8 31.Qa5 Qb5 32.Qxb5+ axb5 33.Rc2 Kc7 34.Bb3 Re8 35.Kf2 Re4 36.Re2 Rxe2+
37.Kxe2 Bxg2 38.Ke3 Bh3 39.Kf4 h6 40.Re1 Bg5+ 41.Ke5 Bd2 42.Rg1 g5 43.Kf6 Kd6
44.Ra1 Kc5 45.Rg1 Bd7 46.Kg6 Bc6 47.Bc2 Bd5 48.Ra1 Kd4 49.Kxh6 Be4 50.Bb3 c2
51.Bxc2 Bxc2 52.Kh5 Kc3 53.Rg1 b3 54.axb3 Bxb3 55.Rg3+ Kc2 56.Kg6 Bc4  0-1

[Event "Independence Cup"]
[Site "Kyiv UKR"]
[Date "2003.08.13"]
[Round "1"]
[White "Lukyanov,M"]
[Black "Dziadyk,P"]
[Result "0-1"]
[WhiteElo "2148"]
[BlackElo "2261"]

1.e4 c5 2.Nf3 e6 3.d4 cxd4 4.Nxd4 a6 5.Bd3 Bc5 6.Nb3 Ba7 7.Nc3 Nc6 8.O-O d6
9.Qg4 Nf6 10.Qh4 Ne5 11.Bg5 b5 12.a3 Bb7 13.Kh1 Rc8 14.f4 Ng6 15.Qg3 h6 16.Bxf6 Qxf6
17.e5 dxe5 18.fxe5 Qg5 19.Be4 Qxg3 20.hxg3 Bxe4 21.Nxe4 O-O 22.c3 Nxe5 23.Rad1 Nc4
24.Rd7 Bb8 25.Nbc5 Rc6 26.Nd3 Nd6 27.Nxd6 Rxd6 28.Ne5 f6 29.Rxd6 Bxd6 30.Ng6 Rd8
31.Rd1 Kf7 32.Nf4 Bc7 33.Rxd8 Bxd8 34.Nd3 Bb6 35.g4 Ke7 36.Kh2 Kd6 37.Kg3 a5
38.Kf3 e5 39.Ke4 g6 40.b3 Ke6 41.Kf3 f5 42.gxf5+ gxf5 43.Nc1 Kd5 44.Ne2 a4
45.bxa4 bxa4 46.Ng3 e4+ 47.Ke2 f4 48.Nh5 Ke5 49.Ng7 Bc5 50.Ne8 Bxa3 51.Nc7 Bc5
52.Na6 Bd6  0-1

[Event "It"]
[Site "Lviv UKR"]
[Date "2003.08.16"]
[Round "9"]
[White "Privalov,Y"]
[Black "Heurtebize,O"]
[Result "1-0"]
[WhiteElo "2404"]
[BlackElo "2279"]

1.e4 c5 2.Nf3 e6 3.d4 cxd4 4.Nxd4 a6 5.Bd3 Qc7 6.O-O Nf6 7.c4 b6 8.Nc3 Bb7
9.b3 d6 10.Bg5 Nbd7 11.Rc1 Be7 12.Kh1 O-O 13.Qe2 Rfe8 14.f4 Bf8 15.Bh4 Rac8
16.Bg3 g6 17.Bb1 Qb8 18.Qe3 Qa8 19.Bh4 Bg7 20.Rcd1 Qb8 21.Qh3 Nc5 22.Qe3 Ba8
23.Rfe1 Ncd7 24.Nde2 Nc5 25.h3 e5 26.Bxf6 Bxf6 27.f5 b5 28.Rf1 Bg7 29.b4 Nd7
30.c5 Rc6 31.a4 Nf6 32.axb5 axb5 33.Nd5 dxc5 34.bxc5 Ra6 35.Qb3 g5 36.Qg3 h6
37.Nec3 Ra3 38.Nxf6+ Bxf6 39.Qe1 Rc8 40.Nd5 Bxd5 41.exd5 Rxc5 42.d6 Rcc3
43.Qe4 Rc4 44.Qd5 g4 45.d7 Bd8 46.Rfe1 Qa8 47.Qxa8 Rxa8 48.Rxe5 Kg7 49.Re8 g3
50.Be4 Rb8 51.f6+ Kxf6 52.Rf1+ Kg7 53.Bd5 Rd4 54.Rxf7+ Kg6 55.Rg8+ Kh5 56.Rf5+ Kh4
57.Bf3  1-0

[Event "Independence Cup"]
[Site "Kyiv UKR"]
[Date "2003.08.17"]
[Round "5"]
[White "Dykun,O"]
[Black "Sluzhbina,A"]
[Result "1/2-1/2"]
[WhiteElo "2232"]
[BlackElo "1925"]

1.e4 c5 2.Nf3 e6 3.d4 cxd4 4.Nxd4 a6 5.Bd3 Qc7 6.O-O Nf6 7.c4 Be7 8.b3 O-O
9.Bb2 d6 10.f4 Nbd7 11.Qe2 b6 12.Nd2 Bb7 13.Rac1 Rfe8 14.N2f3 Nf8 15.e5 dxe5
16.Nxe5 Rad8 17.Ndf3 N6d7 18.Rcd1 Nc5 19.Bb1 f6 20.Nd3 Nxd3 21.Rxd3 Rxd3
22.Bxd3 Bc5+ 23.Kh1 Qxf4 24.b4 Bxb4 25.Ne5 Qg5 26.Ng4 f5 27.Ne5 Ng6 28.Nf3 Qe7
29.Bc2 Bd6 30.Bc1 Nf4 31.Qf2 Ng6 32.Qxb6 Bxf3 33.gxf3 Bc7 34.Qg1 Bd6 35.Be3 Rc8
36.Bb3 Kf7 37.Bg5 Qc7 38.Re1 Ne5 39.Qe3 Qc5 40.Qe2 Qc6 41.Kg2 Bb8 42.c5 Re8
43.Bf4 Nd7 44.Bxb8 Nxb8 45.Qe5 g6 46.Qe3 Nd7 47.Rd1 Qc7 48.Ba4 Re7 49.Rc1 Qe5
50.Qxe5 Nxe5 51.Rb1 Rc7 52.c6 Ke7 53.Rb6 a5 54.Ra6 Kd6 55.Rxa5 Nxc6 56.Ra6 Kc5
57.f4 Nd4 58.Bd1 Kd5 59.Ra3 Rc1 60.Bf3+ Nxf3 61.Kxf3 Rf1+ 62.Kg3 g5 63.fxg5 Rg1+
64.Kf4 Rg4+ 65.Kf3 Rxg5 66.Ra5+ Kd4 67.Ra4+ Ke5 68.Ra5+ Kf6 69.Ra6 Rg4 70.a4 Rb4
71.a5 f4 72.Ra7 Ke5 73.Rxh7 Rb3+ 74.Kg4 Ke4 75.a6 f3  1/2-1/2

[Event "It"]
[Site "Lviv UKR"]
[Date "2003.08.17"]
[Round "10"]
[White "Kravtsiv,M"]
[Black "Heurtebize,O"]
[Result "1-0"]
[WhiteElo "2160"]
[BlackElo "2279"]

1.e4 c5 2.Nf3 e6 3.d4 cxd4 4.Nxd4 a6 5.Bd3 Qc7 6.O-O Nf6 7.Qe2 d6 8.Nc3 Be7
9.Kh1 Nbd7 10.f4 b5 11.a3 Bb7 12.Bd2 O-O 13.Rae1 Rfe8 14.e5 Nd5 15.f5 exf5
16.exd6 Bxd6 17.Qxe8+ Rxe8 18.Rxe8+ Nf8 19.Nxf5 Nf6 20.Re2 Bxh2 21.Re7 N8d7
22.Bg5 Bd6 23.Bxf6 Bxe7 24.Bxe7 Qe5 25.Bh4 Qe6 26.Ne2 Ne5 27.Nf4 Qd7 28.Nh5 Nxd3
29.Nh6+ Kf8 30.Rxf7+ Qxf7 31.Nxf7 Nxb2 32.Nd6 Bc6 33.Nf4 Nd1 34.Ne6+ Kg8
35.Bg5 h6 36.Bd2 Nf2+ 37.Kg1 Ng4 38.Nc7  1-0

[Event "Open"]
[Site "Vienna AUT"]
[Date "2003.08.17"]
[Round "2"]
[White "Bachofner,C"]
[Black "Wallner,J"]
[Result "0-1"]
[WhiteElo "2159"]
[BlackElo "2310"]

1.e4 c5 2.Nf3 e6 3.d4 cxd4 4.Nxd4 a6 5.Bd3 d6 6.c4 Nf6 7.Nc3 Qc7 8.O-O b6
9.Be3 Bb7 10.Rc1 Nbd7 11.f3 Be7 12.Qd2 Rc8 13.b3 Qb8 14.Rfd1 O-O 15.Bf1 Bd8
16.Qf2 Re8 17.g4 Ne5 18.Bh3 Nfd7 19.g5 Nc5 20.Bf1 Bc7 21.Be2 Ng6 22.b4 Nd7
23.f4 d5 24.e5 dxc4 25.Nxe6 fxe6 26.Rxd7 Bc6 27.Rd2 b5 28.Bf3 Bxe5 29.Bxc6 Bxc3
30.Bxe8 Bxd2 31.Qxd2 Rxe8 32.Rd1 Rf8 33.Qd7 Nxf4 34.Bxf4 Qxf4 35.Qxe6+ Kh8
36.Qd5 c3 37.g6 c2 38.Kh1  0-1

[Event "Independence Cup"]
[Site "Kyiv UKR"]
[Date "2003.08.19"]
[Round "7"]
[White "Dykun,O"]
[Black "Levin,Ev"]
[Result "0-1"]
[WhiteElo "2232"]
[BlackElo "2158"]

1.e4 c5 2.Nf3 e6 3.d4 cxd4 4.Nxd4 a6 5.Bd3 d6 6.O-O Nf6 7.c4 Nbd7 8.Nc3 b6
9.Re1 Bb7 10.f4 Be7 11.b4 O-O 12.a3 Re8 13.g4 Nf8 14.Ra2 N6d7 15.Nf3 Rc8
16.Rc2 h6 17.Qe2 Ng6 18.Be3 Bf6 19.Nd1 Nh4 20.Rf1 d5 21.cxd5 exd5 22.e5 Rxc2
23.Bxc2 Nxf3+ 24.Qxf3 Qc8 25.Qe2 d4 26.Bxd4 Qc6 27.Be4 Qxe4 28.Qxe4 Bxe4
29.exf6 Bd3 30.fxg7 Bxf1 31.Kxf1 Re4 32.Be3 Kxg7 33.Ke2 b5 34.Kd3 Rc4 35.Bd4+ Kh7
36.Nc3 Kg8 37.h4 Nb8 38.h5 Nc6 39.Be3 Ne7 40.Bd4 Nc6 41.Be3 Nd8 42.Ne4 Rc6
43.f5 Kg7 44.Bd4+ f6 45.Nc5 Rd6 46.Ne4 Rd7 47.Ke3 Rf7 48.Nc5 Re7+ 49.Ne4 Kf7
50.Kf4 Nc6 51.Bxf6 Rxe4+ 52.Kxe4 Kxf6 53.Kd5 Nd8 54.Kc5 Kg5 55.Kb6 Nf7 56.Kxa6 Nd6
57.Kb6 Kxg4 58.f6 Kxh5 59.f7 Nxf7 60.Kxb5 Kg5 61.a4 h5 62.a5 h4 63.a6 Nd6+
64.Kc5 Nc8 65.b5 h3 66.a7 Nxa7 67.b6 h2 68.b7 Nc6 69.Kxc6 h1=Q+ 70.Kc7 Qc1+
71.Kd8 Qf4 72.Kc8 Qc4+  0-1

[Event "Open"]
[Site "Vienna AUT"]
[Date "2003.08.19"]
[Round "4"]
[White "Brod,M"]
[Black "Waller,H"]
[Result "1-0"]
[WhiteElo "2252"]
[BlackElo "2115"]

1.e4 c5 2.Nf3 e6 3.d4 cxd4 4.Nxd4 a6 5.Bd3 Nf6 6.O-O Qc7 7.Kh1 e5 8.Nf5 d6
9.c4 Bxf5 10.exf5 Nc6 11.Nc3 Be7 12.Bg5 Nd4 13.Rc1 h6 14.Bxf6 gxf6 15.Nd5 Qd8
16.Qg4 Kf8 17.Rc3 Rc8 18.a4 a5 19.Qh5 Rc5 20.Be4 Qd7 21.b3 Bd8 22.Rg3 Rxd5
23.cxd5 Qe8 24.Rc1 Bb6 25.Qd1 Bc5 26.Rh3 Ke7 27.Qd2 b6 28.Qd3 Qc8 29.Rh5 Qb7
30.Re1 Bb4 31.Rc1 Bc5 32.Rh3 Qc8 33.Rh4 Qb7 34.f4 Qc8 35.fxe5 fxe5 36.f6+ Kxf6
37.Rf1+ Ke7 38.Qg3 Qf8 39.Rg4 Ne2 40.Qh4+ f6 41.Rxf6  1-0

[Event "Jezero Open"]
[Site "Belgrade YUG"]
[Date "2003.08.20"]
[Round "7"]
[White "Aksentijevic,M"]
[Black "Nestorovic,De"]
[Result "0-1"]
[WhiteElo "2177"]
[BlackElo "2424"]

1.e4 c5 2.Nf3 e6 3.d4 cxd4 4.Nxd4 a6 5.Bd3 Bc5 6.Nb3 Be7 7.O-O d6 8.c4 Qc7
9.Nc3 Bf6 10.Be3 Nd7 11.f4 Bxc3 12.bxc3 Ngf6 13.Qf3 e5 14.f5 b6 15.g4 h6
16.Bf2 Bb7 17.Rfe1 g5 18.h3 Ke7 19.Nd2 Nc5 20.Bc2 Bc6 21.Kg2 h5 22.Rh1 Qb7
23.Bxc5 dxc5 24.Qg3 Nxe4 25.Qxe5+ Kd7 26.Bxe4 Rae8 27.Bxc6+ Qxc6+ 28.Qd5+ Qxd5+
29.cxd5 Re2+ 30.Kf3 Rxd2 31.Rhd1 hxg4+ 32.Kxg4 Rg2+ 33.Kf3 Rh2 34.f6 Rh6
35.Kg4 Rg2+ 36.Kf3 Rc2 37.Kg4 Rxc3 38.Kxg5 Rg6+ 39.Kh4 Rxf6 40.Rf1 Rh6+ 41.Kg5 Rg6+
42.Kh4 f6 43.Rab1 Rc4+  0-1

[Event "Jezero Open"]
[Site "Belgrade YUG"]
[Date "2003.08.20"]
[Round "7"]
[White "Raspopovic,S"]
[Black "Vulicevic,D"]
[Result "1/2-1/2"]
[WhiteElo "2078"]
[BlackElo "2150"]

1.e4 c5 2.Nf3 e6 3.d4 cxd4 4.Nxd4 a6 5.Bd3 Nc6 6.Be3 Nf6 7.Nxc6 dxc6 8.O-O e5
9.f3 Be6 10.c4 Nd7 11.Qc2 Bc5 12.Bxc5 Nxc5 13.Be2 Qb6 14.Kh1 O-O 15.Nc3 Rad8
16.Rad1 Rd4 17.b3 Rfd8 18.f4 f6 19.fxe5 fxe5 20.h3 a5 21.Bg4 Qc7 22.Rxd4 exd4
23.Na4 b6 24.Nxc5 Bxg4 25.Nd3 Bh5 26.c5 Bg6 27.Qc4+ Kh8  1/2-1/2

[Event "Independence Cup"]
[Site "Kyiv UKR"]
[Date "2003.08.22"]
[Round "10"]
[White "Ostrovskiy,A"]
[Black "Zarubin,P"]
[Result "1-0"]
[WhiteElo "2077"]
[BlackElo "2442"]

1.e4 c5 2.Nf3 e6 3.d4 cxd4 4.Nxd4 a6 5.Bd3 Nf6 6.O-O d6 7.c4 b6 8.Nc3 Nbd7
9.b3 Bb7 10.Bb2 g6 11.Qd2 Bg7 12.Rad1 O-O 13.Bb1 Nc5 14.f3 Qc7 15.Nc2 Rfd8
16.Ne3 Rac8 17.Qf2 h6 18.Rd2 Bc6 19.Rfd1 Qb8 20.Kh1 Nh5 21.Ne2 Qc7 22.Bxg7 Kxg7
23.Nd4 Bb7 24.Qh4 Nf6 25.Qg3 Kh7 26.Ne2 e5 27.Qh4 Ng8 28.Nc3 Ne6 29.Ncd5 Bxd5
30.Nxd5 Qb7 31.Bd3 Kg7 32.Rf1 g5 33.Qf2 Rb8 34.g3 f6 35.f4 Rf8 36.Qg2 Ne7
37.Qh3 Nd4 38.Rdf2 Nxd5 39.exd5 Qc8 40.Qg2 Qd7 41.fxe5 fxe5 42.Qe4 Kg8 43.Rf6 Rxf6
44.Rxf6 Rf8 45.Rg6+ Kh8 46.Rxh6+ Kg8 47.Qg6+ Qg7 48.Qxd6 e4 49.Rg6 Nf5 50.Rxg7+ Kxg7
51.Qe5+  1-0

[Event "Open"]
[Site "Porto San Giorgo ITA"]
[Date "2003.08.23"]
[Round "3"]
[White "Mrdja,M"]
[Black "Farago,I"]
[Result "1/2-1/2"]
[WhiteElo "2384"]
[BlackElo "2465"]

1.e4 c5 2.Nf3 e6 3.d4 cxd4 4.Nxd4 a6 5.Bd3 Nf6 6.O-O Qc7 7.Re1 d6 8.Nc3 Be7
9.a4 b6 10.h3 Bb7 11.Qe2 Nbd7 12.f4  1/2-1/2

[Event "TCh-BIH"]
[Site "Neum BIH"]
[Date "2003.08.24"]
[Round "2"]
[White "Horvath,Ad"]
[Black "Terzic,S"]
[Result "1-0"]
[WhiteElo "2503"]
[BlackElo "2291"]

1.e4 c5 2.Nf3 e6 3.d4 cxd4 4.Nxd4 a6 5.Bd3 b5 6.a4 b4 7.O-O Bb7 8.Re1 Nc6
9.Nb3 d6 10.Be3 Nf6 11.a5 Nd7 12.N1d2 Nce5 13.Bf1 h5 14.Bd4 Rc8 15.Ra4 Nc6
16.Nc4 e5 17.Bb6 Qf6 18.Ne3 Ncb8 19.Nd5 Bxd5 20.exd5 g6 21.Rxb4 Bh6 22.Ba7 O-O
23.Bxb8 Rxb8 24.Rc4 Rb7 25.Ree4 Qd8 26.Rb4 Qb8 27.Rxb7 Qxb7 28.Rc4 Nb8 29.c3 f5
30.Rb4 Qe7 31.Be2 e4 32.Nd4 e3 33.f3 Bf4 34.Ne6  1-0

[Event "Acropolis GM"]
[Site "Athens GRE"]
[Date "2003.08.25"]
[Round "1"]
[White "Mastrovasilis,D"]
[Black "Schmaltz,R"]
[Result "1/2-1/2"]
[WhiteElo "2493"]
[BlackElo "2530"]

1.e4 c5 2.Nf3 e6 3.d4 cxd4 4.Nxd4 a6 5.Bd3 Qb6 6.c3 Nc6 7.Nxc6 Qxc6 8.O-O d6
9.c4 Nf6 10.Nc3 Be7 11.a4 O-O 12.Be3 b6 13.f4 Bb7 14.Rf3 g6 15.Qe2 Ng4 16.Bd2 Bf6
17.Kh1 Bg7 18.Raf1 Rad8 19.h3 Nf6 20.f5 exf5 21.exf5 Rde8 22.Qf2 Qd7 23.Nd5 Nxd5
24.cxd5 Bxd5 25.f6 Bxf6 26.Rxf6 Qxh3+ 27.Kg1 Qxd3 28.Rxd6 Re5 29.Re1 Rf5
30.Qe3 Qc4 31.Bc3 Qg4 32.Qd2 Qg5 33.Rd1 Bxg2 34.Qxg5 Rxg5 35.Bf6 Rg4 36.Kh2 Bf3
37.R1d2 Rf4 38.Kg3 Rf5 39.Rf2 Be4 40.Rxf5 Bxf5 41.Rxb6 Ra8 42.b4 h6 43.Kf4 Bd7
44.b5 axb5 45.axb5 g5+ 46.Ke4 Ra5 47.Bc3 Rxb5 48.Rxh6 f5+ 49.Kd3 f4 50.Rf6 Be8
51.Re6 Kf7 52.Rf6+ Ke7 53.Ke4 Bf7 54.Be5 f3 55.Bd4 g4 56.Ke3 Rb3+ 57.Kf2 Rd3
58.Rf4 Be6 59.Kg3 Kd6 60.Bf2 Ke5 61.Ra4 Rd7 62.Ra5+ Kf6 63.Rh5 Kg6 64.Rh1 Rd2
65.Re1 Kf5 66.Ra1 Ba2 67.Rf1 Be6 68.Ra1 Bd5 69.Ra4 Be4 70.Ra5+  1/2-1/2

[Event "Acropolis WGM"]
[Site "Athens GRE"]
[Date "2003.08.28"]
[Round "4"]
[White "Makka,E"]
[Black "Sharevich,A"]
[Result "1/2-1/2"]
[WhiteElo "2078"]
[BlackElo "2299"]

1.e4 c5 2.Nf3 e6 3.d4 cxd4 4.Nxd4 a6 5.Bd3 b5 6.a3 Bb7 7.Nc3 Qb6 8.Nb3 Qc7
9.O-O Nf6 10.Qe2 d6 11.f4 Nbd7 12.Bd2 Be7 13.Rae1 O-O 14.Kh1 Rfe8 15.e5 Nd5
16.Na5 Nxc3 17.Bxc3 Bd5 18.Qg4 dxe5 19.Rxe5 g6 20.Re3 f5 21.Qd1 Bf6 22.Bxf6 Nxf6
23.Qe1 Rac8 24.Nb3 Qb7 25.Re2 Bxb3 26.cxb3 Qd5 27.Bc2 Qc6 28.h3 Kf7 29.Rf3 Nd5
30.Qh4 h5 31.Qf2 Qb6 32.Qxb6 Nxb6 33.a4 Nd5 34.Bd3 Rc5 35.Rc2 Rec8 36.Re2 Kf6
37.Kh2 h4 38.Re1 Rd8 39.Bf1 Rd6 40.Rd1 Rdc6 41.Re1 g5 42.fxg5+ Kxg5 43.Bd3 Nb4
44.Bf1 e5 45.axb5 axb5 46.Rc3 e4 47.Rec1 Rxc3 48.Rxc3 Rxc3 49.bxc3 Nd3 50.Kg1 b4
51.cxb4 Nxb4 52.Kf2 Kf4 53.Bc4 e3+ 54.Ke2 Ke4 55.Bf7 Nc2 56.Bc4 Nd4+ 57.Kd1 Nc6
58.Be2 Kd4 59.Bb5 Nb4 60.Be2 Nd5 61.Ke1 Kc3 62.Bc4 Nf4 63.Kf1 Ng6 64.Ke2 f4
65.Be6 Ne5 66.Bg8 Nc6 67.Bd5 Nd4+ 68.Ke1 Nxb3 69.Bf3 Kd4 70.Bd1 Nc5 71.Bh5 Nd7
72.Bg4 Ne5 73.Bh5 Ke4 74.Ke2 Nd7 75.Bf3+ Ke5 76.Bg4 Nc5 77.Bh5 Nb3 78.Bg4 Nd4+
79.Kd3 Ne6 80.Ke2 Nc5 81.Bh5 Kd4 82.Kf3 Nd3 83.Ke2 Ne5 84.Be8 Ke4 85.Bh5 f3+
86.gxf3+ Kf4 87.Bg4 Nf7 88.Be6 Ne5 89.Bg4 Nc6 90.Kd3 Nb4+ 91.Ke2 Na2 92.Kd1 Nc3+
93.Kc2 Ne2 94.Kd1 Ng1 95.Ke1 Nxf3+ 96.Ke2 Ng5 97.Bd7 Ne4 98.Bg4 Ng3+ 99.Kd3 Nh1
100.Ke2 Nf2 101.Bc8 Ne4 102.Bg4 Nf6 103.Bc8 Nd5 104.Bg4 Nb4 105.Bf3 Na2 106.Bg4 Ke4
107.Bf3+ Kd4 108.Bg4 Nc3+ 109.Ke1 Ne4 110.Bc8 Ng3 111.Ba6 Ke4 112.Bb7+ Kf4
113.Ba6 Kf3 114.Bb7+ Ne4 115.Bc6 Kf4 116.Bd7 Nc5 117.Bg4 Ke4 118.Ke2 Na4
119.Bf3+ Kd4 120.Bb7 Nc3+ 121.Kf3 Nd1 122.Ba6 Nf2 123.Bf1 Nh1 124.Kg4 Ng3
125.Ba6 Ne4 126.Kxh4 Nf2 127.Kg3  1/2-1/2

[Event "Acropolis GM"]
[Site "Athens GRE"]
[Date "2003.08.28"]
[Round "4"]
[White "Vouldis,A"]
[Black "Banikas,H"]
[Result "0-1"]
[WhiteElo "2539"]
[BlackElo "2530"]

1.e4 c5 2.Nf3 e6 3.d4 cxd4 4.Nxd4 a6 5.Bd3 Bc5 6.c3 d6 7.Qe2 Nf6 8.Bg5 Nbd7
9.Nd2 h6 10.Bh4 Qc7 11.O-O b5 12.Kh1 e5 13.f4 exf4 14.Bxf6 Nxf6 15.Rxf4 Be6
16.Raf1 Qe7 17.Bc2 Bxd4 18.cxd4 Nd7 19.Qh5 Qg5 20.Qd1 h5 21.e5 dxe5 22.Ne4 Qxf4
23.Rxf4 exf4 24.h3 Rh6 25.Qd2 Kf8 26.Qxf4 Rc8 27.Nc3 b4 28.Qd6+ Kg8 29.Qxb4 Rb8
30.Qa3 Nf8 31.d5 Bd7 32.Ne4 Rhb6 33.Bb3 Re8 34.Nd6 Re1+ 35.Kh2 Rc1 36.Nc4 Rf6
37.Qe7 Rff1 38.Ne5 Rce1 39.d6 Rh1+ 40.Kg3 h4+ 41.Kxh4 Ng6+ 42.Nxg6 Rxe7 43.Nxe7+ Kf8
44.Bd5 Rd1 45.Kg3 Rd2 46.Kf4 Rxb2 47.Ke5 Rd2 48.h4 a5 49.Kf4 Rd4+ 50.Ke5 Rxh4
51.Bc6 Rh5+ 52.Kd4 Ke8 53.Bd5 Be6 54.Bc6+ Kd8 55.a4 Rg5 56.Ke4 Bd7 57.Kd4  0-1

[Event "Acropolis WGM"]
[Site "Athens GRE"]
[Date "2003.08.29"]
[Round "5"]
[White "Kaza,P"]
[Black "Stiri,A"]
[Result "1-0"]
[WhiteElo "2149"]
[BlackElo "2172"]

1.e4 c5 2.Nf3 e6 3.d4 cxd4 4.Nxd4 a6 5.Bd3 Bc5 6.Nb3 Be7 7.Nc3 d6 8.O-O Nd7
9.f4 Ngf6 10.Qf3 Qc7 11.Bd2 b6 12.Rae1 Bb7 13.Qg3 h5 14.h3 h4 15.Qf3 Nh5
16.Nd4 Ng3 17.Rf2 g6 18.Qe3 O-O-O 19.Nce2 e5 20.Nb3 f5 21.Nxg3 hxg3 22.Rff1 g5
23.fxg5 f4 24.Qe2 Nc5 25.Bb4 a5 26.Nxc5 dxc5 27.Bc3 Kb8 28.Bc4 Bxg5 29.Qg4 Qe7
30.Qf5 Bf6 31.Rxf4 Rdf8 32.Rff1 Bc8 33.Qf3 Bh4 34.Qd3 Rd8 35.Bd5 Rdf8 36.Qb5 Ka7
37.Rd1 Ba6  1-0

[Event "Acropolis WGM"]
[Site "Athens GRE"]
[Date "2003.08.29"]
[Round "5"]
[White "Fakhiridou,E"]
[Black "Khurtsidze,N"]
[Result "0-1"]
[WhiteElo "2292"]
[BlackElo "2440"]

1.e4 c5 2.Nf3 e6 3.d4 cxd4 4.Nxd4 a6 5.Bd3 Nf6 6.O-O d6 7.c4 b6 8.b3 Bb7
9.Nd2 Nbd7 10.Qe2 g6 11.Bb2 Bg7 12.Rad1 O-O 13.Bb1 Qc7 14.f4 e5 15.fxe5 Nxe5
16.N2f3 Ned7 17.Nh4 Nxe4 18.Bxe4 Rae8 19.Rf4 d5 20.Qf2 Rxe4 21.Rxe4 dxe4
22.Nhf5 gxf5 23.Nxf5 Bxb2 24.Nh6+ Kg7 25.Nf5+ Kh8 26.Qxb2+ Ne5 27.Nd6 f6
28.Qf2 Ba8 29.Kh1 Nd3  0-1